Ān̆cala ḍola gayā. (Record no. 72388)

MARC details
000 -LEADER
fixed length control field 00710cam a22002531 4500
001 - CONTROL NUMBER
control field sa 67001108
003 - CONTROL NUMBER IDENTIFIER
control field DLC
005 - DATE AND TIME OF LATEST TRANSACTION
control field 20260227112319.0
008 - FIXED-LENGTH DATA ELEMENTS--GENERAL INFORMATION
fixed length control field 891229s1966 ii 000 1 hino
010 ## - LIBRARY OF CONGRESS CONTROL NUMBER
LC control number sa 67001108
035 ## - SYSTEM CONTROL NUMBER
System control number (OCoLC)20835557
040 ## - CATALOGING SOURCE
Original cataloging agency DLC
Transcribing agency WaU
Modifying agency NRU
-- DLC
042 ## - AUTHENTICATION CODE
Authentication code premarc
050 00 - LIBRARY OF CONGRESS CALL NUMBER
Classification number PK2077
Item number .C49
100 1# - MAIN ENTRY--PERSONAL NAME
Personal name Chaturvedi, Tapesh Kumar,
Dates associated with a name 1929-
245 10 - TITLE STATEMENT
Title Ān̆cala ḍola gayā.
Statement of responsibility, etc. Sampādaka Tapeśa Caturvedī.
250 ## - EDITION STATEMENT
Edition statement [1. saṃskaraṇa]
260 ## - PUBLICATION, DISTRIBUTION, ETC.
Place of publication, distribution, etc. Āgarā,
Name of publisher, distributor, etc. Pragati Prakāśana
Date of publication, distribution, etc. [1966?]
300 ## - PHYSICAL DESCRIPTION
Extent 120 p.
Dimensions 19 cm.
440 #0 - SERIES STATEMENT/ADDED ENTRY--TITLE
Title Pragati pustaka mālā ;
Volume/sequential designation 33
500 ## - GENERAL NOTE
General note In Hindi.
500 ## - GENERAL NOTE
General note Short stories.
650 #0 - SUBJECT ADDED ENTRY--TOPICAL TERM
Topical term or geographic name entry element Short stories, Hindi.

No items available.

Powered by Koha